Score 0/13 Timer 10:00
0 Plays Today
% Correct
Adriatic sea
92.5%
Tiber river
91%
corsica
91%
Gaul
91%
sicily
89.6%
sardinia
88.1%
Carthage
88.1%
Mediterranean sea
86.6%
tyrrhenian sea
85.1%
Rome
83.6%
Danube river
79.1%
Alps
77.6%
Ionian sea
73.1%

You're not logged in!

Compare scores with friends on all Sporcle quizzes.
OR
Log In

Sporcle TV

Today on Sporcle TV


Watch our educational content, quiz creation guides, and fun videos on Sporcle TV.

Show Comments

Extras

Top Quizzes Today


Score Distribution

Paid Content

Your Account Isn't Verified!

In order to create a playlist on Sporcle, you need to verify the email address you used during registration. Go to your Sporcle Settings to finish the process.

Report this User

Report this user for behavior that violates our Community Guidelines.

Details: